| 000 | 00654nam a2200229 a 4500 | ||
|---|---|---|---|
| 001 | 46370 | ||
| 003 | BD-RjUL | ||
| 005 | 20211209054137.0 | ||
| 008 | 160801s1951 nyu b 001 0 eng d | ||
| 035 | _a(BD-RjUL)46488 | ||
| 040 |
_aDLC _cOUN _dOCL _dUKM _dEQO _beng |
||
| 041 | _aeng | ||
| 082 |
_a370.1 _bKIP 1951 |
||
| 100 | 1 |
_aKilpatrick, William Heard, _d1871-1965. _9117139 |
|
| 245 | 1 | 0 |
_aPhilosophy of education / _cWilliam Heard Kilpatrick |
| 260 |
_aNew York : _bMacmillan, _cc1951 |
||
| 300 |
_ax, 465 p. ; _c22 cm |
||
| 504 | _aBibliography: p. 433-439 | ||
| 650 | 0 |
_aEducation _xPhilosophy _9117134 |
|
| 942 |
_2ddc _cBK |
||
| 999 |
_c46370 _d46370 |
||